000 00586nam a22001697a 4500
005 20251108170821.0
008 250721s1990 xx 000 0 ara d
082 1 4 _a346.0482/عبد
100 1 _aالنجار، عبد الله مبروك
245 1 0 _aالحماية المقررة لحقوق المؤلفين الأدبية في الفقه الإسلامي... /
264 1 _aالقاهره :
_bدار النهضة العربية،
_c1990.
300 _a230ص
650 1 7 _aحقوق التأليف
650 1 7 _aالقانون المدني
942 _2ddc
_cBK
999 _c49691
_d49691